000
00268nam a2200109Ia 4500
005
20251222144832.0
008
251222s9999||||xx |||||||||||||| ||spa||
082
_a
323.3/I59
245
0
_a
Rimanacuy 86':
264
_b
Instituto Nacional de Planificación
942
_c
LIB
999
_c
20910
_d
20910